000 00477nam a2200181Ia 4500
005 20250423095132.0
008 250422s9999 xx 000 0 und d
020 _a978-2897-86-8
050 _aLB 2805 .U34/
100 _aUdeozor, Rosemary K.
245 0 _aEducational administration : perspective and practical implications
260 _aAnabra State
260 _bRex Charles & Patrick Ltd
260 _c2004
300 _a232 p
650 _aEducation
942 _cBK
999 _c29351
_d29351